000 00873cab a2200265 4500
001 ABS49718
008 090401t1993 xxu||||| |||| 00| 0 eng d
035 _a(Sirsi) u72499
041 _aeng
245 _aIncreasing demand for agricultural properties cannot be met
260 _c1993
350 _a0
490 _aProperty Confidential
_v(459) November 1993, 8-10(3)
520 _aSurveyors from KFR and Savills explain the state of the agricultural market: who is buying and why, demand and supply, likely rises in land prices. Tabulates land values by type of land and county.
650 _aFARMLAND VALUATION SURVEY
650 _aFARMLAND
650 _aFORECASTS
650 _aINSTITUTIONAL INVESTMENT
650 _aINVESTMENT MARKET
650 _aLAND VALUES
650 _aSAVILLS
690 _aRURAL PRACTICE
942 _n0
948 _c04/03/1997
999 _c45811
_d45811